| 000 | 00352nam a2200145Ia 4500 | ||
|---|---|---|---|
| 008 | 150301s2014 xx 000 0 und d | ||
| 082 |
_a618.1 _bJ14M |
||
| 100 | _aMALHOTRA, NARENDRA | ||
| 245 | _aJAFFCOATE'S PRINCIPLES OF GYNAECOLOGY | ||
| 250 | _a8TH | ||
| 260 |
_bJAYPEE _aDELHI _c2014 |
||
| 300 | _a927 | ||
| 650 | _aOBST. & GYNE | ||
| 942 |
_2ddc _cBK |
||
| 999 |
_c6723 _d6723 |
||